[Event "SR 2. liga A 2016/2017"]
[Site "?"]
[Date "2017.03.12"]
[Round "11.5"]
[White "Diviak, Rastislav"]
[Black "Koloditsova, Renata"]
[Result "1/2-1/2"]
[WhiteElo "1955"]
[BlackElo "1971"]
[PlyCount "37"]
[EventDate "2016.??.??"]

1. e4 e6 2. d4 d5 3. Nd2 c5 4. exd5 Qxd5 5. Ngf3 Nf6 6. Bc4 Qd6 7. O-O cxd4 8.
Nb3 Nc6 9. Nbxd4 Nxd4 10. Nxd4 a6 11. c3 Qc7 12. Bb3 Bd6 13. h3 Bd7 14. Re1
O-O-O 15. Qf3 Kb8 16. Bg5 Rhg8 17. Rad1 h6 18. Bc1 Bc8 19. a3 1/2-1/2

[Event "SR 2. liga A 2016/2017"]
[Site "?"]
[Date "2017.03.12"]
[Round "11.5"]
[White "Pusec, Pavel"]
[Black "Ocko, Martin"]
[Result "1/2-1/2"]
[WhiteElo "1970"]
[BlackElo "1967"]
[PlyCount "46"]
[EventDate "2016.??.??"]

1. c4 Nf6 2. d4 e5 3. dxe5 Ng4 4. Nf3 Bc5 5. e3 Nc6 6. Bd2 O-O 7. Bc3 Qe7 8.
Nbd2 Ngxe5 9. Nxe5 Nxe5 10. Nf3 Bb4 11. Qd2 Bxc3 12. Qxc3 d6 13. Nxe5 Qxe5 14.
Qxe5 dxe5 15. O-O-O Be6 16. b3 Rfd8 17. Rxd8+ Rxd8 18. Be2 Kf8 19. Rd1 Rxd1+
20. Bxd1 Ke7 21. Kd2 Kd6 22. Bc2 h6 23. Kc3 c5 1/2-1/2

[Event "SR 2. liga A 2016/2017"]
[Site "?"]
[Date "2017.03.12"]
[Round "11.5"]
[White "Danada, Ondrej"]
[Black "Lesny, Stefan"]
[Result "1/2-1/2"]
[WhiteElo "1905"]
[BlackElo "2041"]
[PlyCount "52"]
[EventDate "2016.??.??"]

1. e4 e5 2. Nf3 Nc6 3. d4 d6 4. Bc4 Be7 5. h3 Nf6 6. Nc3 h6 7. Be3 O-O 8. d5
Nb8 9. g4 Nh7 10. Ne2 Ng5 11. Ng3 Nxf3+ 12. Qxf3 Bg5 13. Nf5 Bxf5 14. gxf5 Bxe3
15. Qxe3 Qg5 16. Qxg5 hxg5 17. Kd2 f6 18. h4 gxh4 19. Rxh4 Nd7 20. Bb5 Nb6 21.
Rg1 Kf7 22. Rh7 Rg8 23. c3 Rad8 24. b3 Nd7 25. Bxd7 Rxd7 26. c4 c6 1/2-1/2

[Event "SR 2. liga A 2016/2017"]
[Site "?"]
[Date "2017.03.12"]
[Round "11.5"]
[White "Meszaros, Laszlo"]
[Black "Sobek, Michal"]
[Result "0-1"]
[WhiteElo "1614"]
[BlackElo "1943"]
[PlyCount "112"]
[EventDate "2016.??.??"]

1. d4 Nf6 2. Nc3 g6 3. e4 d6 4. Nf3 Bg7 5. Bf4 Nbd7 6. Bc4 O-O 7. O-O c5 8. Re1
cxd4 9. Nxd4 e5 10. Bxe5 dxe5 11. Nf3 Qc7 12. Qe2 Nb6 13. Bb3 Bg4 14. h3 Bxf3
15. Qxf3 Rac8 16. Qe2 Nc4 17. Nb5 Qc5 18. Nxa7 Qxa7 19. Bxc4 Qd4 20. Bb3 Qxb2
21. Rab1 Qc3 22. Qb5 Qc6 23. Qe2 Rfd8 24. Rbd1 Rxd1 25. Qxd1 b6 26. Re2 Nxe4
27. Re3 Nc5 28. Bd5 Qd7 29. c4 Qa4 30. Qg4 Rc7 31. Rf3 Qxa2 32. h4 Qa1+ 33. Kh2
Qd4 34. Qg5 Rd7 35. h5 h6 36. Qg3 g5 37. Kh1 b5 38. Bc6 Qd1+ 39. Kh2 Rd4 40.
Bd5 Rh4+ 41. Qh3 Rxh3+ 42. gxh3 Qxf3 43. Bxf3 bxc4 44. Bd1 e4 45. Bc2 Bd4 46.
Kg2 Nd3 47. Kf1 f5 48. Ke2 Nxf2 49. Kf1 Nxh3 50. Ke1 c3 51. Bb3+ Kg7 52. Bc2 g4
53. Kf1 Ng5 54. Ke2 f4 55. Kf1 f3 56. Bd1 g3 0-1

[Event "SR 2. liga A 2016/2017"]
[Site "?"]
[Date "2017.03.12"]
[Round "11.6"]
[White "Pechac, Jergus"]
[Black "Keresztes, Richard"]
[Result "0-1"]
[WhiteElo "2444"]
[BlackElo "2188"]
[PlyCount "72"]
[EventDate "2016.??.??"]

1. e4 c5 2. a3 e6 3. b4 b6 4. Bb2 Bb7 5. Nc3 Nf6 6. e5 Nd5 7. Nb5 cxb4 8. axb4
a6 9. Nd6+ Bxd6 10. exd6 Qh4 11. b5 Qe4+ 12. Ne2 axb5 13. Rxa8 Bxa8 14. f3 Qa4
15. Nc3 Nxc3 16. Bxc3 O-O 17. Qb1 Qh4+ 18. Kd1 Qf2 19. Kc1 Bc6 20. Qa2 Na6 21.
Qb1 Nc5 22. Bxb5 Bxb5 23. Qxb5 Qxg2 24. Re1 Qxh2 25. d4 Qf4+ 26. Kb2 Nb7 27.
Qe5 Qxf3 28. Re3 Qc6 29. Bb4 f6 30. Qf4 Na5 31. Qg3 Qa4 32. d5 exd5 33. Kb1 Nc4
34. Rb3 Ra8 35. Qd3 Qa2+ 36. Kc1 Qa1+ 0-1

[Event "SR 2. liga A 2016/2017"]
[Site "?"]
[Date "2017.03.12"]
[Round "11.6"]
[White "Takacs, Laszlo"]
[Black "Jablonicky, Martin"]
[Result "1/2-1/2"]
[WhiteElo "2218"]
[BlackElo "2271"]
[PlyCount "99"]
[EventDate "2016.??.??"]

1. e4 c5 2. Nf3 d6 3. d4 Nf6 4. Nc3 cxd4 5. Nxd4 e6 6. Be3 Be7 7. f3 O-O 8. Qd2
Nc6 9. O-O-O d5 10. exd5 Nxd5 11. Nxd5 Qxd5 12. Nxc6 bxc6 13. c4 Qxd2+ 14. Rxd2
e5 15. Bd3 Be6 16. Rc2 Rfd8 17. Be4 Rac8 18. Rd1 Rxd1+ 19. Kxd1 f5 20. Bd3 Rd8
21. Ke2 a5 22. Bb6 Ra8 23. Kf1 Bd8 24. Bxd8 Rxd8 25. Ke2 c5 26. Rc3 Rb8 27. b3
Kf7 28. Bc2 g6 29. Re3 Kf6 30. Rd3 Ke7 31. Kd2 g5 32. Re3 Rd8+ 33. Rd3 Rg8 34.
Rc3 Kf6 35. Bd1 h5 36. h3 g4 37. fxg4 f4 38. Rd3 hxg4 39. hxg4 e4 40. Rd6 Ke5
41. Rc6 e3+ 42. Kc3 Bxg4 43. Rxc5+ Ke6 44. Rc8 Rg7 45. Bxg4+ Rxg4 46. Rf8 Ke5
47. Re8+ Kf5 48. Rf8+ Ke5 49. Re8+ Kf5 50. Rf8+ 1/2-1/2

[Event "SR 2. liga A 2016/2017"]
[Site "?"]
[Date "2017.03.12"]
[Round "11.6"]
[White "Chovan, Milan"]
[Black "Darazs, Zoltan"]
[Result "0-1"]
[WhiteElo "2288"]
[BlackElo "2129"]
[PlyCount "116"]
[EventDate "2016.??.??"]

1. c4 Nf6 2. Nc3 d5 3. cxd5 Nxd5 4. g3 g6 5. Bg2 Nb6 6. h4 Bg7 7. h5 Nc6 8. d3
Be6 9. Nf3 Qd7 10. Be3 Nd5 11. Nxd5 Bxd5 12. Qd2 Ne5 13. Nxe5 Bxe5 14. Kf1 a6
15. Bf4 Bxf4 16. Qxf4 O-O-O 17. Qe5 Bxg2+ 18. Kxg2 f6 19. Qe4 g5 20. Rhc1 Qd5
21. Rc4 Qxe4+ 22. Rxe4 e5 23. Rc1 c6 24. Rec4 Rd5 25. Kh3 Kd7 26. a4 Ke6 27.
Rb4 Rd7 28. a5 h6 29. Rc3 f5 30. f3 Rhh7 31. Rc5 Rhf7 32. Rbc4 Rd4 33. Rxd4
exd4 34. Kg2 Rd7 35. Rc4 Rd5 36. b4 f4 37. g4 Ke5 38. Kf2 Rb5 39. Ke1 Kd5 40.
Kd2 c5 41. bxc5 Rxa5 42. c6 bxc6 43. Rb4 Rb5 44. Ra4 a5 45. Kc2 c5 46. Ra2 Kc6
47. Ra4 Kb6 48. Ra2 Rb4 49. Ra1 Kb5 50. Ra2 a4 51. Ra3 c4 52. dxc4+ Rxc4+ 53.
Kd2 Kb4 54. Ra1 a3 55. Rb1+ Ka5 56. Rb8 Ra4 57. Ra8+ Kb5 58. Rb8+ Kc4 0-1

[Event "SR 2. liga A 2016/2017"]
[Site "?"]
[Date "2017.03.12"]
[Round "11.6"]
[White "Marosi, Csaba"]
[Black "Slobodnik, Michal"]
[Result "0-1"]
[WhiteElo "2024"]
[BlackElo "2112"]
[PlyCount "60"]
[EventDate "2016.??.??"]

1. e4 Nf6 2. Nc3 d5 3. exd5 Nxd5 4. Bc4 Nb6 5. Bb3 c5 6. d3 Nc6 7. Qf3 e6 8.
Nge2 Be7 9. Be3 Nd4 10. Bxd4 cxd4 11. Ne4 O-O 12. O-O-O a5 13. a3 a4 14. Ba2
Ra5 15. g4 e5 16. c4 dxc3 17. N2xc3 Be6 18. Kb1 Qd7 19. Rhg1 Nd5 20. g5 Nxc3+
21. Nxc3 Bxa2+ 22. Nxa2 Rb5 23. d4 e4 24. Qxe4 Bxa3 25. Rd2 Re8 26. Qg4 Qc6 27.
Rc1 Qb6 28. Rcc2 Qg6 29. Kc1 Rxg5 30. Rc8 Rxg4 0-1

[Event "SR 2. liga A 2016/2017"]
[Site "?"]
[Date "2017.03.12"]
[Round "11.6"]
[White "Veselsky, Jozef"]
[Black "Zigo, Rastislav"]
[Result "1-0"]
[WhiteElo "2068"]
[BlackElo "1977"]
[PlyCount "75"]
[EventDate "2016.??.??"]

1. d4 d5 2. Nf3 Nf6 3. c4 e6 4. Nc3 Be7 5. Bg5 O-O 6. e3 c6 7. Bd3 Nbd7 8. O-O
a6 9. b3 h6 10. Bh4 Nh5 11. Bxe7 Qxe7 12. Nd2 Nhf6 13. Rc1 e5 14. cxd5 cxd5 15.
dxe5 Nxe5 16. Be2 Rd8 17. Nf3 b5 18. Qd4 Ng6 19. Rfd1 Bb7 20. Nh4 Nxh4 21. Qxh4
Qe5 22. Bf3 Rac8 23. Rd4 b4 24. Ne2 Rxc1+ 25. Nxc1 Qc7 26. Nd3 a5 27. g4 Re8
28. Qg3 Qc2 29. h4 Ba6 30. g5 hxg5 31. hxg5 Ne4 32. Bxe4 dxe4 33. Ne5 Qc1+ 34.
Kh2 Qc7 35. Nc4 Qc5 36. Nd6 Rf8 37. Nxe4 Qf5 38. Nf6+ 1-0

[Event "SR 2. liga A 2016/2017"]
[Site "?"]
[Date "2017.03.12"]
[Round "11.6"]
[White "Lukacovic, Miroslav"]
[Black "Fekete, Robert"]
[Result "1-0"]
[WhiteElo "1977"]
[BlackElo "1896"]
[PlyCount "37"]
[EventDate "2016.??.??"]

1. d4 g6 2. c4 Bg7 3. Nc3 d6 4. e4 f5 5. g3 Nc6 6. Nge2 fxe4 7. Nxe4 Bg4 8. d5
Bf3 9. Nf4 Bxh1 10. Ne6 Ne5 11. f4 Nf3+ 12. Kf2 Nf6 13. Bh3 Qb8 14. Nxg7+ Kf7
15. Ne6 Nxe4+ 16. Ke3 b5 17. Qxh1 Qb6+ 18. Kxe4 Qf2 19. Qxf3 1-0

[Event "SR 2. liga A 2016/2017"]
[Site "?"]
[Date "2017.03.12"]
[Round "11.6"]
[White "Kalmar, Tamas"]
[Black "Sipkovsky, Ladislav"]
[Result "1-0"]
[WhiteElo "2062"]
[BlackElo "1820"]
[PlyCount "111"]
[EventDate "2016.??.??"]

1. d4 d5 2. c4 c6 3. Nc3 g6 4. Nf3 Bg7 5. Qb3 dxc4 6. Qxc4 Be6 7. Qd3 Nf6 8. g3
Nbd7 9. Bg2 Nb6 10. O-O O-O 11. Rd1 Bc4 12. Qc2 Nfd5 13. e4 Nxc3 14. bxc3 Re8
15. Be3 Qc7 16. Nd2 Ba6 17. Qb3 e6 18. a4 Nd7 19. Rac1 Qb6 20. Qc2 Qc7 21. Nf3
Bc4 22. Nd2 Be2 23. Re1 Ba6 24. Rb1 e5 25. Qb3 c5 26. d5 b6 27. Bf1 Bxf1 28.
Rxf1 Reb8 29. c4 Nf6 30. f3 Ne8 31. Rb2 Nd6 32. Nb1 Rf8 33. Nc3 f5 34. Nb5 Qd7
35. Nxd6 Qxd6 36. Rbb1 fxe4 37. fxe4 Rxf1+ 38. Rxf1 Rf8 39. Qb1 Rxf1+ 40. Qxf1
Qf6 41. Qd1 Bf8 42. Kg2 Bd6 43. Qg4 Qe7 44. Bh6 Qe8 45. Bg5 Bf8 46. Qd1 Qd7 47.
h3 Be7 48. Bxe7 Qxe7 49. d6 Qd7 50. Qd5+ Kf8 51. Qxe5 Kf7 52. Qf4+ Ke6 53. e5
Qxa4 54. Qf6+ Kd7 55. Qe7+ Kc8 56. Qc7# 1-0

[Event "SR 4. liga A21 2016/2017"]
[Site "?"]
[Date "2016.10.09"]
[Round "1.1"]
[White "Nadzamova, Sofia"]
[Black "Zajicek, Ferdinand"]
[Result "1/2-1/2"]
[WhiteElo "1745"]
[BlackElo "1749"]
[PlyCount "35"]
[EventDate "2016.??.??"]

1. d4 g6 2. Nf3 Bg7 3. Bf4 d6 4. e3 c5 5. c3 cxd4 6. exd4 Nf6 7. h3 O-O 8. Bd3
Nc6 9. O-O Qc7 10. Re1 a6 11. Nbd2 Nh5 12. Bh2 e5 13. dxe5 dxe5 14. Nc4 f6 15.
Be4 Rd8 16. Qb3 Qf7 17. Qb6 Qxc4 18. Bxc6 1/2-1/2

[Event "SR 4. liga A21 2016/2017"]
[Site "?"]
[Date "2016.10.09"]
[Round "1.1"]
[White "Kastler, Peter"]
[Black "Ralbovsky, Dominik"]
[Result "1-0"]
[WhiteElo "1734"]
[BlackElo "1000"]
[PlyCount "81"]
[EventDate "2016.??.??"]

1. d4 d5 2. c4 e5 3. dxe5 dxc4 4. Qxd8+ Kxd8 5. g3 Be6 6. Bg2 Nc6 7. Bxc6 bxc6
8. Nf3 Bh3 9. Ng5 Be6 10. Nxe6+ fxe6 11. O-O Ne7 12. Bg5 h6 13. Bxe7+ Bxe7 14.
Nd2 Rb8 15. Nxc4 Bg5 16. b3 Ke7 17. f4 Bf6 18. exf6+ gxf6 19. Rad1 Rhd8 20. e4
c5 21. Kf2 h5 22. Ke2 Rd4 23. Rxd4 cxd4 24. e5 f5 25. Rc1 c5 26. Nd2 Rb5 27.
Kd3 Kd7 28. Nf3 Kc6 29. Nxd4+ Kb6 30. Nxb5 Kxb5 31. a3 a5 32. Kc3 a4 33. bxa4+
Kxa4 34. Rd1 Kb5 35. Rd6 c4 36. a4+ Kc5 37. a5 Kb5 38. a6 h4 39. a7 h3 40. a8=Q
Kc5 41. Qc6# 1-0

[Event "SR 4. liga A21 2016/2017"]
[Site "?"]
[Date "2016.10.09"]
[Round "1.1"]
[White "Hyza, Richard"]
[Black "Papanek, Lubomir"]
[Result "0-1"]
[WhiteElo "1000"]
[BlackElo "1659"]
[PlyCount "60"]
[EventDate "2016.??.??"]

1. e4 e5 2. Nf3 Nc6 3. Bc4 Bc5 4. d3 Nf6 5. Nc3 a6 6. Bg5 h6 7. Bh4 Be7 8. O-O
O-O 9. h3 d6 10. Qd2 Be6 11. b3 Nxe4 12. Nxe4 Bxh4 13. Nxh4 Qxh4 14. Qe3 d5 15.
Bxd5 Bxd5 16. c3 Bxe4 17. dxe4 Qe7 18. b4 Rad8 19. Rad1 Rxd1 20. Rxd1 Rd8 21.
Rf1 Qd6 22. a3 Qd3 23. Qxd3 Rxd3 24. Rc1 Nd8 25. f3 Ne6 26. Kf2 Nf4 27. Kg3
Ne2+ 28. Kf2 Nxc1 29. Ke1 b5 30. Kf2 Rxc3 0-1

[Event "SR 4. liga A21 2016/2017"]
[Site "?"]
[Date "2016.10.09"]
[Round "1.1"]
[White "Mraz, Jan"]
[Black "Daniel, Jakub"]
[Result "1-0"]
[WhiteElo "1256"]
[BlackElo "1000"]
[PlyCount "53"]
[EventDate "2016.??.??"]

1. d4 d5 2. c4 e6 3. Nc3 c6 4. e3 Nf6 5. Bd2 Be7 6. Rc1 O-O 7. Nf3 h6 8. cxd5
cxd5 9. Bd3 Re8 10. O-O Bd7 11. Ne5 Qc7 12. Nxd5 Qd6 13. Nc7 Nc6 14. Nxe8 Rxe8
15. Nxd7 Qxd7 16. Bb5 Bd6 17. Bxc6 bxc6 18. f4 Ne4 19. Qc2 Nxd2 20. Qxd2 Rc8
21. Rc4 c5 22. dxc5 Qb5 23. Rfc1 Rxc5 24. Qxd6 Rxc4 25. Qd8+ Kh7 26. Qd3+ Qf5
27. Qxf5+ 1-0

[Event "SR 4. liga A21 2016/2017"]
[Site "?"]
[Date "2016.10.09"]
[Round "1.2"]
[White "Zlamal, Marek"]
[Black "Ganzova, Veronika"]
[Result "1-0"]
[WhiteElo "1766"]
[BlackElo "1679"]
[PlyCount "57"]
[EventDate "2016.??.??"]

1. d4 d5 2. f4 Nf6 3. Nf3 e6 4. e3 c5 5. b3 Be7 6. Bd3 Nc6 7. O-O O-O 8. Bd2
Qb6 9. Nc3 Qd8 10. Kh1 b6 11. a3 Bb7 12. Qe1 Nh5 13. g4 Nf6 14. g5 Nh5 15. Qh4
g6 16. f5 exf5 17. Bxf5 Ng7 18. Bd3 Bc8 19. e4 cxd4 20. Nxd5 Nh5 21. b4 Be6 22.
Bc4 Rc8 23. Ba2 b5 24. Rac1 Kh8 25. c3 f6 26. Nxe7 Qxe7 27. Bxe6 Qxe6 28. cxd4
Rcd8 29. d5 1-0

[Event "SR 4. liga A21 2016/2017"]
[Site "?"]
[Date "2016.10.09"]
[Round "1.2"]
[White "Sottnik, Filip"]
[Black "Vach, Jozef"]
[Result "1-0"]
[WhiteElo "1672"]
[BlackElo "1706"]
[PlyCount "113"]
[EventDate "2016.??.??"]

1. e4 e5 2. Nf3 Nc6 3. Bc4 Be7 4. a3 d6 5. h3 h6 6. d3 Nf6 7. Be3 Na5 8. Ba2 c5
9. Qd2 Nc6 10. Nc3 Nd4 11. Bxd4 cxd4 12. Ne2 Bd7 13. g4 Rc8 14. Ng3 g5 15. Nf5
Bxf5 16. gxf5 Qc7 17. Rc1 Nh5 18. Rg1 Nf4 19. Rh1 Qc5 20. Qd1 Qb5 21. Bb3 Kf8
22. Kf1 Kg7 23. Nh2 h5 24. Nf3 g4 25. hxg4 hxg4 26. Rg1 Nxd3 27. Rxg4+ Kf6 28.
cxd3 Rh1+ 29. Rg1 Rxc1 30. Qxc1 Qxd3+ 31. Kg2 Rxg1+ 32. Kxg1 Kg7 33. Qc4 Qxc4
34. Bxc4 Bd8 35. b4 b6 36. a4 f6 37. Ne1 Kh6 38. Kg2 Kg5 39. Kg3 Be7 40. b5 Bf8
41. Nf3+ Kh5 42. Be2 Kh6 43. Nh2 Kg7 44. Ng4 Kf7 45. Bc4+ Ke7 46. Kh4 d5 47.
Bxd5 d3 48. Bb3 d2 49. Kg3 d1=Q 50. Bxd1 Kf7 51. Bb3+ Kg7 52. f4 Bd6 53. fxe5
fxe5 54. Kh4 Bc7 55. Kh5 Bd6 56. f6+ Kf8 57. f7 1-0

[Event "SR 4. liga A21 2016/2017"]
[Site "?"]
[Date "2016.10.09"]
[Round "1.2"]
[White "Kovarik, Oto"]
[Black "Lackovic, Marek"]
[Result "1-0"]
[WhiteElo "1803"]
[BlackElo "1671"]
[PlyCount "61"]
[EventDate "2016.??.??"]

1. e4 c5 2. Nf3 d6 3. d4 cxd4 4. Nxd4 Nf6 5. Nc3 a6 6. Be2 e6 7. Be3 Be7 8. O-O
Bd7 9. Qd2 Nc6 10. f4 Qc7 11. Bf3 Rd8 12. Nce2 Nxd4 13. Bxd4 e5 14. Be3 Bc6 15.
Nc3 b5 16. Rac1 O-O 17. Nd5 Nxd5 18. exd5 Bd7 19. b3 Qb8 20. c4 Rc8 21. fxe5
dxe5 22. c5 Rfd8 23. d6 Bf6 24. Bd5 Bc6 25. Bxc6 Rxc6 26. Qd5 Qc8 27. h3 Qd7
28. Rf3 Re8 29. Rcf1 h6 30. Bxh6 Rf8 31. Rxf6 1-0

[Event "SR 4. liga A21 2016/2017"]
[Site "?"]
[Date "2016.10.09"]
[Round "1.2"]
[White "Dzurjaninova, Hana"]
[Black "Stasek, Daniel"]
[Result "1-0"]
[WhiteElo "1659"]
[BlackElo "1642"]
[PlyCount "41"]
[EventDate "2016.??.??"]

1. e4 e6 2. d4 d5 3. Nd2 Nf6 4. e5 Nfd7 5. f4 c5 6. c3 Nc6 7. Ngf3 Qb6 8. Nb3
Be7 9. Be2 O-O 10. Qc2 f6 11. Be3 cxd4 12. Nbxd4 Nd8 13. Bd3 f5 14. Nxf5 Bc5
15. N5d4 h6 16. Nh4 Bxd4 17. Bh7+ Kf7 18. Bxd4 Qb5 19. Qg6+ Ke7 20. Qxg7+ Nf7
21. Ng6+ 1-0

[Event "SR 4. liga A21 2016/2017"]
[Site "?"]
[Date "2016.10.09"]
[Round "1.2"]
[White "Stehlik, Jan"]
[Black "Ganz, Marek"]
[Result "1-0"]
[WhiteElo "1631"]
[BlackElo "1511"]
[PlyCount "39"]
[EventDate "2016.??.??"]

1. e4 e5 2. Nf3 Nc6 3. Bc4 Bc5 4. d3 h6 5. c3 d6 6. a4 a5 7. O-O Bg4 8. Nbd2
Nf6 9. h3 Bd7 10. Re1 O-O 11. Nf1 Ne7 12. Ng3 Ng6 13. Be3 Bxe3 14. fxe3 Bc6 15.
Rf1 b6 16. Qe1 Rc8 17. Nf5 Bd7 18. Qg3 Nh5 19. Qxg6 Nf6 20. Qxg7# 1-0

[Event "SR 4. liga A21 2016/2017"]
[Site "?"]
[Date "2016.10.09"]
[Round "1.3"]
[White "Klimes, Karel"]
[Black "Podjavorinsky, Michal"]
[Result "1/2-1/2"]
[WhiteElo "1637"]
[BlackElo "1886"]
[PlyCount "70"]
[EventDate "2016.??.??"]

1. e4 c6 2. d4 d5 3. e5 Bf5 4. Bd3 Bxd3 5. Qxd3 e6 6. Nf3 c5 7. Bg5 Qb6 8. b3
Nc6 9. c3 Rc8 10. O-O cxd4 11. cxd4 h6 12. Bd2 Bb4 13. a3 Bxd2 14. Nbxd2 Nge7
15. b4 O-O 16. Rfc1 Rc7 17. Nb3 Rfc8 18. Rc5 Nb8 19. Rac1 Na6 20. Rxc7 Rxc7 21.
Rxc7 Qxc7 22. Nfd2 Nc8 23. Kf1 Nb6 24. b5 Nb8 25. Nc5 N8d7 26. Nxd7 Qc1+ 27.
Ke2 Nxd7 28. g3 Nb6 29. Qb3 Nc4 30. Nxc4 dxc4 31. Qb4 Qc2+ 32. Qd2 Qe4+ 33. Qe3
Qd5 34. a4 b6 35. h4 Qh1 1/2-1/2

[Event "SR 4. liga A21 2016/2017"]
[Site "?"]
[Date "2016.10.09"]
[Round "1.3"]
[White "Miciak, Emanuel"]
[Black "Valigursky, Michal"]
[Result "1-0"]
[WhiteElo "1838"]
[BlackElo "1602"]
[PlyCount "47"]
[EventDate "2016.??.??"]

1. d4 d5 2. Nf3 Nf6 3. Bf4 c6 4. e3 Bf5 5. Nh4 Bg6 6. Be2 e6 7. Nd2 Qb6 8. Nb3
Nbd7 9. O-O c5 10. Rb1 Be7 11. Nxg6 hxg6 12. h3 Bd6 13. Bxd6 Qxd6 14. c3 Ne4
15. dxc5 Ndxc5 16. Nxc5 Nxc5 17. c4 Ne4 18. cxd5 exd5 19. Qa4+ Ke7 20. Rfd1 Rh5
21. Qb5 Nc5 22. b4 Ne4 23. Rxd5 Nc3 24. Qxb7+ 1-0

[Event "SR 4. liga A21 2016/2017"]
[Site "?"]
[Date "2016.10.09"]
[Round "1.3"]
[White "Wallner, Juraj"]
[Black "Smrek, Peter"]
[Result "0-1"]
[WhiteElo "1541"]
[BlackElo "1797"]
[PlyCount "64"]
[EventDate "2016.??.??"]

1. e4 c5 2. Nf3 Nc6 3. d4 cxd4 4. Nxd4 e5 5. Nxc6 bxc6 6. Bd3 Bc5 7. O-O Ne7 8.
Kh1 Ng6 9. g3 O-O 10. f4 f6 11. f5 Ne7 12. c4 Bb7 13. a3 a5 14. Nc3 d5 15. cxd5
cxd5 16. Qg4 Kh8 17. Re1 Bd4 18. Ne2 Ba7 19. Bd2 Qd7 20. Bxa5 g6 21. h3 gxf5
22. exf5 e4 23. Bxe4 Qa4 24. Bb4 dxe4 25. Bxe7 Rf7 26. Bb4 Rg8 27. Qh5 Rfg7 28.
Qh6 Qc2 29. Rad1 e3+ 30. Kh2 Qxf5 31. Rf1 Qe4 32. Nf4 Qc2+ 0-1

[Event "SR 4. liga A21 2016/2017"]
[Site "?"]
[Date "2016.10.09"]
[Round "1.3"]
[White "Podjavorinsky, Peter"]
[Black "Tomasovic, Roman"]
[Result "1/2-1/2"]
[WhiteElo "1678"]
[BlackElo "1555"]
[PlyCount "51"]
[EventDate "2016.??.??"]

1. e4 e5 2. Nf3 Nc6 3. Bc4 Bc5 4. b4 Bxb4 5. c3 Bc5 6. d4 exd4 7. O-O Na5 8.
Bxf7+ Kxf7 9. Ng5+ Kf8 10. Qh5 Qe7 11. Nxh7+ Rxh7 12. Qxh7 d6 13. Bb2 Nc4 14.
cxd4 Nxb2 15. dxc5 dxc5 16. Nc3 Be6 17. Nd5 Qf7 18. Qh4 Nd3 19. Qg3 Bxd5 20.
exd5 Nf4 21. Rfe1 Ne7 22. Rad1 Rd8 23. Qa3 Rxd5 24. Qxa7 Qg6 25. Qa8+ Kf7 26.
g3 1/2-1/2

[Event "SR 4. liga A21 2016/2017"]
[Site "?"]
[Date "2016.10.09"]
[Round "1.3"]
[White "Vozarova, Adriana"]
[Black "Lanyi, Frantisek"]
[Result "1/2-1/2"]
[WhiteElo "1434"]
[BlackElo "1672"]
[PlyCount "51"]
[EventDate "2016.??.??"]

1. e4 e5 2. Nf3 Nc6 3. d4 exd4 4. Bc4 h6 5. O-O Bc5 6. Bf4 d6 7. Re1 Be6 8. Bb5
Nge7 9. Nxd4 O-O 10. c3 a6 11. Ba4 b5 12. Bc2 Qd7 13. b3 Ng6 14. Be3 Bb6 15.
Nd2 Nge7 16. N2f3 Bg4 17. Qd2 Ng6 18. Nxc6 Qxc6 19. Nd4 Qd7 20. a4 c5 21. Ne2
Ne5 22. Nf4 Bc7 23. b4 Nc4 24. Qc1 Nxe3 25. Qxe3 Bb6 26. Ra2 {???} 1/2-1/2

[Event "SR 4. liga A21 2016/2017"]
[Site "?"]
[Date "2016.10.09"]
[Round "1.4"]
[White "Lajda, Dusan"]
[Black "Slaby, Jozef"]
[Result "1/2-1/2"]
[WhiteElo "1782"]
[BlackElo "1732"]
[PlyCount "56"]
[EventDate "2016.??.??"]

1. e4 Nf6 2. Nc3 d5 3. exd5 Nxd5 4. Nge2 c6 5. Nxd5 Qxd5 6. Ng3 Nd7 7. d4 e5 8.
Be3 Bb4+ 9. c3 Ba5 10. Qg4 g6 11. dxe5 Nxe5 12. Qd4 O-O 13. Qxd5 cxd5 14. O-O-O
Be6 15. Ne2 Ng4 16. Nd4 Nxe3 17. fxe3 Rac8 18. Bd3 a6 19. Kb1 Rfe8 20. Rde1 Bd8
21. e4 Bh4 22. g3 Bf6 23. Nxe6 fxe6 24. Rhf1 Bg7 25. exd5 exd5 26. a4 Bh6 27.
Kc2 Rxe1 28. Rxe1 Kf7 1/2-1/2

[Event "SR 4. liga A21 2016/2017"]
[Site "?"]
[Date "2016.10.09"]
[Round "1.4"]
[White "Slaba, Andrea"]
[Black "Orvisky, Vladimir"]
[Result "1-0"]
[WhiteElo "1759"]
[BlackElo "1768"]
[PlyCount "87"]
[EventDate "2016.??.??"]

1. Nf3 Nf6 2. c4 c6 3. e3 d5 4. Be2 Bf5 5. Qb3 Qc7 6. Nc3 e6 7. cxd5 exd5 8. d4
Bd6 9. Bd2 Nbd7 10. Rc1 Qb6 11. Bd1 Qxb3 12. Bxb3 b5 13. Ne2 c5 14. dxc5 Nxc5
15. O-O Nxb3 16. axb3 Bd3 17. Rfe1 b4 18. Nf4 Bb5 19. Nd4 Bd7 20. Nd3 Ne4 21.
Bxb4 Ke7 22. Bxd6+ Kxd6 23. f3 Nf6 24. Nc5 Rac8 25. Nxd7 Nxd7 26. Nb5+ Ke6 27.
Nxa7 Ra8 28. Nb5 Ke5 29. Rc7 Ke6 30. Rec1 f6 31. R1c6+ Ke7 32. Nd4 g6 33. b4
Rab8 34. b5 Kd8 35. Ne6+ Ke7 36. b6 Rhe8 37. b7 f5 38. Nc5 Red8 39. Na6 Ke8 40.
Nxb8 Nxb8 41. Re6+ Kf8 42. Rc8 Kf7 43. Rxd8 Kxe6 44. Rxb8 1-0

[Event "SR 4. liga A21 2016/2017"]
[Site "?"]
[Date "2016.10.09"]
[Round "1.4"]
[White "Krchnak, Rudolf"]
[Black "Pripko, Bystrik"]
[Result "0-1"]
[WhiteElo "1724"]
[BlackElo "1652"]
[PlyCount "74"]
[EventDate "2016.??.??"]

1. d4 d5 2. Nc3 Nf6 3. Bg5 h6 4. Bf4 e6 5. e3 Bd6 6. Nge2 O-O 7. Bxd6 Qxd6 8.
g3 Nc6 9. a3 a6 10. Bg2 Ne7 11. Nf4 c6 12. Nd3 Nd7 13. O-O Ng6 14. f4 c5 15.
dxc5 Nxc5 16. Nxc5 Qxc5 17. Qd4 Qxd4 18. exd4 Bd7 19. Rac1 Ne7 20. Rfe1 Nf5 21.
Ne2 Ne3 22. Bf3 Nc4 23. Nc3 Bc6 24. Nd1 Rab8 25. Be2 b5 26. Kf2 Nd6 27. Bd3 a5
28. Ne3 b4 29. axb4 Rxb4 30. b3 Rxd4 31. Red1 Rb4 32. Ra1 Ra8 33. Ra3 Rb7 34.
Rda1 Rba7 35. Nd1 Bb5 36. Bxb5 Nxb5 37. b4 Nxa3 0-1

[Event "SR 4. liga A21 2016/2017"]
[Site "?"]
[Date "2016.10.09"]
[Round "1.4"]
[White "Piestansky, Jan"]
[Black "Jancovicova, Petra"]
[Result "0-1"]
[WhiteElo "1674"]
[BlackElo "1636"]
[PlyCount "36"]
[EventDate "2016.??.??"]

1. e4 e5 2. Bc4 Nf6 3. d3 Nc6 4. c3 Be7 5. Bb3 d5 6. exd5 Nxd5 7. h3 O-O 8. Nf3
Bf5 9. Bc2 Qd7 10. Be3 Rad8 11. d4 Bxc2 12. Qxc2 exd4 13. Nxd4 Bh4 14. Nf3 Nxe3
15. Qa4 Nc2+ 16. Qxc2 Rfe8+ 17. Kf1 Qd1+ 18. Qxd1 Rxd1+ 0-1

[Event "SR 4. liga A21 2016/2017"]
[Site "?"]
[Date "2016.10.09"]
[Round "1.4"]
[White "Madzo, Anton"]
[Black "Kuracina, Lubomir"]
[Result "0-1"]
[WhiteElo "1508"]
[BlackElo "1000"]
[PlyCount "94"]
[EventDate "2016.??.??"]

1. c4 e5 2. e4 d6 3. Nc3 a6 4. Nf3 c5 5. Be2 Nc6 6. O-O Be7 7. Nd5 h6 8. a3 f5
9. d3 Nf6 10. Nxf6+ Bxf6 11. Rb1 O-O 12. Bd2 Rb8 13. Qc1 b5 14. b3 Qc7 15. Re1
fxe4 16. dxe4 Be6 17. h3 Rb7 18. Bxh6 gxh6 19. Qxh6 Qg7 20. Qxg7+ Kxg7 21. Red1
Be7 22. cxb5 axb5 23. a4 bxa4 24. bxa4 Rxb1 25. Rxb1 Rf4 26. Bb5 Nb4 27. Nd2 d5
28. f3 c4 29. exd5 Bxd5 30. Re1 Kf6 31. Kf1 Rd4 32. Ne4+ Bxe4 33. fxe4 Bc5 34.
Rc1 Rxe4 35. Rxc4 Rxc4 36. Bxc4 Nc2 37. Ke2 e4 38. g4 Ke5 39. Bb5 Kf4 40. Bd7
Nd4+ 41. Kd1 Nf3 42. Be6 Ne5 43. Bc8 e3 44. Ke2 Nf3 45. g5 Nxg5 46. h4 Ne4 47.
a5 Ng3+ 0-1